|
|
|
|
| LEADER |
00000nab a2200000ua 4500 |
| 001 |
vtls010755172 |
| 003 |
SK-MaSNL |
| 005 |
20260304200129.0 |
| 008 |
250718s2011 xo |||||||||||||||||slo| |
| 035 |
|
|
|a (urnnbn)urn:nbn:sk:snk:ar-a014rl
|
| 035 |
|
|
|a (uuid)26de97fb-ffd7-40eb-9879-05ddab3c8911
|
| 035 |
|
|
|a urn:nbn:sk:snk-ab4d64
|
| 040 |
|
|
|a SNKBUCL
|b slo
|c SNKBUCL
|e AACR2
|
| 041 |
0 |
|
|a slo
|
| 044 |
|
|
|a xo
|c SK
|
| 100 |
1 |
|
|a Škriniar, Pavel,
|d 1979-
|4 aut
|9 217125
|
| 245 |
1 |
0 |
|a Pár sekúnd na rozhodnutie
|b S Martinom Voglom o vnímaní potrieb klienta a predaja produktov
|c Pavel Škriniar
|
| 773 |
0 |
|
|t Investor : časopis pre úspešné a bezpečné investovanie
|g Roč. 12, č. 12 (2011), s. 6-9
|
| 850 |
|
|
|a Slovenská národná knižnica
|
| 852 |
|
|
|a Slovenská národná knižnica
|
| 954 |
|
|
|a odborná, vedecká literatúra pôvodná (slovenská)
|2 lita
|
| 958 |
|
|
|a article3
|
| 958 |
|
|
|a OND
|
| 958 |
|
|
|a EUIPO
|
| 999 |
|
|
|c 3085613
|d 3087543
|